| 000 | 01323nam0a22003011 4500 | ||
|---|---|---|---|
| 001 | rc\742031 | ||
| 005 | 20260406082828.0 | ||
| 035 | _a(NLR Aleph) 006271431 | ||
| 090 |
_a6953542 _c6953542 |
||
| 100 | _a20040301d1985 |||y0rusy50 ca | ||
| 101 | 0 | _arus | |
| 102 | _aRU | ||
| 105 | _aa ||||||||| | ||
| 200 | 1 | _aСпособы получения и области применения пирометаллургического цинка | |
| 210 |
_aМ. _cЦНИИцветмет экономики и информ. _d1985 |
||
| 215 |
_a35 с. _cил. _d20 |
||
| 225 | 1 |
_aПроизводство тяжелых цветных металлов _eОбзор. информ. _fЦНИИ экономики и информ. цв. металлургии _vВып. 2 |
|
| 300 | _aНа обл. авт. не указаны | ||
| 300 | _aВ надзаг. также: М-во цв. металлургии СССР | ||
| 320 | _aБиблиогр.: с. 33-35 | ||
| 700 | 1 |
_7ca _8rus _aТарасов _bА. В. _cканд. техн. наук, цветная металлургия _gАлександр Владимирович _3RU\NLR\AUTH\770277557 _92649524 |
|
| 701 | 1 |
_aМинаева _bН. М. |
|
| 801 | 0 |
_aRU _bNLR _gpsbo |
|
| 801 | 1 |
_aRU _bELAR _2rusmarc |
|
| 852 |
_aNLR _jП10/5576 |
||
| 942 | _cBOOK | ||
| 980 | _aNB | ||